| 000 | 00710nam a2200229Ia 4500 | ||
|---|---|---|---|
| 003 | OSt | ||
| 005 | 20220928120321.0 | ||
| 006 | a|||||r|||| 00| 0 | ||
| 007 | ta | ||
| 008 | 220927b |||||||| |||| 00| 0 hin d | ||
| 024 | _a42694 | ||
| 037 | _cTextual | ||
| 040 |
_aSDCL _cSDCL _bhin |
||
| 041 |
_2hin _ahin |
||
| 082 | _aXM8:75(W).73om3'N8, M4 | ||
| 100 |
_aUseem Michael _9448636 |
||
| 245 | 0 |
_aInner circle _b Large corporations and the rise of business political activity in the U.S and U.K |
|
| 260 |
_aNew York _b Oxford University Press _c1984 |
||
| 300 |
_axii,246p _ccm. |
||
| 942 |
_hXM8:75(W).73om3'N8, M4 _cTEXL _2CC |
||
| 999 |
_c763188 _d763188 |
||